000 00360nam a2200157Ia 4500
008 151213s9999 xx 000 0 und d
100 _aW. Golding
245 _aPincher Martin
_cW. Golding
250 _a1st
260 _aEngland
_bPenguijng Book
_c1956
300 _a4355 p.
650 _aDrama
650 _aEnglish
700 _aW. Golding
999 _c2769
_d2769